000 00356nam a22001577a 4500
003 OSt
005 20240312105254.0
008 171115b xxu||||| |||| 00| 0 eng d
020 _a9789390177684,
040 _cSEROSOFT
100 _aMUKHERJEE A
245 _aFINANCIAL ACCOUNTING
260 _aNEW DELHI
_bTMH
_c2011
300 _a4028
942 _2ddc
_c01
999 _c40881
_d40881